000 01018nam a22003137a 4500
003 CHAP
005 20220329143835.0
008 121101s1993 mx a r 00010 spa d
010 _a102608
011 _a103580
020 _a968895473X
035 _a114269
040 _cCHAP
082 0 4 _a633.15
_bB52
245 0 0 _aBiología, ecología y conservación del género Zea
_c/compilado por Bruce F., Benz
260 _aGuadalajara, Jal. :
_bUniversidad de Guadalajara,
_c1993
300 _a302 p. :
_bilus., cuadros
590 _aBATCH-UPD
_b10
_c20130110
_lUCH01
_h0934
590 _aBATCH-UPD
_b10
_c20130410
_lUCH01
_h0552
590 _aBATCH-UPD
_b10
_c20130914
_lUCH01
_h0014
590 _aCONVERSION
_b10
_c20130109
_lUCH01
_h1356
650 1 4 _aAgricultura tradicional.
_92029
650 1 4 _aMaíz
_xGermoplasma.
_970966
650 1 4 _aZea diploperennis.
_9123841
700 0 _aBenz, Bruce F.
_911713
901 _aBK
942 _cLIBRO
949 _a633.15 B52
_bBC
_cLIBRO
_d33724002314611
_eLIBRO
_h116152
_i114269
_sb
999 _c102608
_d102608